000 00479nam a22001697a 4500
003 OSt
005 20140311163159.0
008 140227t xxu||||| |||| 00| 0 eng d
020 _a0590963740
050 _aQA 135.5
_b.M54 1996
100 _aMiller, Marcia
_9191
245 _aQuick-and-easy learning games :
_bmath /
_cMarcia Miller.
260 _aNew York :
_bScholastic Professional Books,
_c1996.
300 _a48 p. :
_bill. ;
_c28 cm.
942 _2lcc
_cBK-TR
999 _c42455
_d42455